[Event "Fast: 10d+1d/m - For New Players (#7)"]
[Site "SchemingMind.com"]
[Date "2009.11.29"]
[Round "-"]
[White "phil75231"]
[Black "tscollin"]
[Result "0-1"]
[WhiteCountry "USA"]
[BlackCountry "USA"]
[WhiteElo "1010"]
[WhiteRD "169"]
[BlackElo "1604"]
[BlackRD "175"]
[GameID "228541"]

1. e4 c5 2. Nf3 d6 3. Bb5+ Bd7 4. Nc3 Bxb5 5. Nxb5 a6 6. Nc3 g6 7. O-O Bg7 8. Qe2 Nc6 9. Nd5 e6 10. Nf4 Qc7
11. d3 Nf6 12. Be3 O-O 13. Rad1 Ng4 14. Bd2 Nge5 15. d4 Nxf3+ 16. Qxf3 Nxd4 17. Qg4 Nxc2 18. Rc1 Nd4 19. Nd5 exd5 20. Bg5 dxe4
21. Qxe4 Ne6 22. Be3 Rfe8 23. Rc4 Nd4 24. Qd5 Re5 25. Qxe5 Bxe5 26. Bh6 d5 27. Rc3 Ne2+ 28. Kh1 Nxc3 29. bxc3 Bxh2 30. f4 Bg3
31. Bg5 Re8 32. Rd1 Re1+ 33. Rxe1 Bxe1 34. Kg1 Qa5 35. Kf1 Qxc3 36. Ke2 Bd2
0-1

[Event "Fast: 10d+1d/m - For New Players (#7)"]
[Site "SchemingMind.com"]
[Date "2009.11.29"]
[Round "-"]
[White "tscollin"]
[Black "phil75231"]
[Result "1-0"]
[WhiteCountry "USA"]
[BlackCountry "USA"]
[WhiteElo "1604"]
[WhiteRD "175"]
[BlackElo "1010"]
[BlackRD "169"]
[GameID "228542"]

1. d4 d5 2. Nc3 Nf6 3. Bg5 e5 4. dxe5 d4 5. exf6 gxf6 6. Bd2 Bb4 7. Nb1 Nc6 8. Bxb4 Nxb4 9. a3 Nd5 10. Qxd4 Qd6
11. c4 Nb6 12. Qxd6 cxd6 13. e3 Na4 14. b4 Bf5 15. Nf3 O-O-O 16. Nd4 Be4 17. Nd2 Nc3 18. Nxe4 Na4 19. Nxf6 h5 20. Bd3 Rh6
21. Bf5+ Kb8 22. Nd5 Nb2 23. O-O Nxc4 24. Rfc1 Nd2 25. Rc2 Nb3 26. Nxb3 Rc8 27. Rxc8#
1-0

[Event "Fast: 10d+1d/m - For New Players (#7)"]
[Site "SchemingMind.com"]
[Date "2009.12.01"]
[Round "-"]
[White "secretagentcook"]
[Black "phil75231"]
[Result "0-1"]
[WhiteCountry "USA"]
[BlackCountry "USA"]
[WhiteElo "1046"]
[WhiteRD "144"]
[BlackElo "1269"]
[BlackRD "151"]
[GameID "228912"]

1. Nf3 d5 2. c4 Nf6 3. b3 e5 4. d3 Bb4+ 5. Bd2 Bc5 6. e3 O-O 7. d4 Bb6 8. Bd3 Qd6 9. O-O Qa3 10. Nxa3 Bg4
11. dxe5 Ne4 12. Bb4 Nc6 13. Rc1 Nxb4 14. Be2 Nxa2 15. Rc2 Nec3 16. Rxc3 Nxc3 17. Qc1 Nxe2+ 18. Kh1 Nxc1 19. Rxc1 Bc5 20. Ng5 Bxa3
21. Rf1 Be2 22. Re1 Bh5 23. cxd5 Rad8 24. e4 Bb4 25. Rc1 b5 26. Rxc7 Ba5 27. Rxa7 Bd2 28. h4 Ra8 29. Re7 Rfe8 30. Rxf7 Bxf7
0-1

[Event "Fast: 10d+1d/m - For New Players (#7)"]
[Site "SchemingMind.com"]
[Date "2009.12.01"]
[Round "-"]
[White "secretagentcook"]
[Black "tscollin"]
[Result "0-1"]
[WhiteCountry "USA"]
[BlackCountry "USA"]
[WhiteElo "1046"]
[WhiteRD "144"]
[BlackElo "1683"]
[BlackRD "133"]
[GameID "228913"]

1. d4 Nf6 2. c4 g6 3. Nc3 d5 4. e3 Bg7 5. Nf3 O-O 6. Bd3 Nc6 7. O-O Nb4 8. Be2 Bf5 9. Qa4 a5 10. Nxd5 Nbxd5
11. cxd5 Nxd5 12. Ne5 Nb4 13. Bf3 Nc2 14. h4 Nxa1 15. Bxb7 Rb8 16. Bc6 Nc2 17. b3 f6 18. e4 fxe5 19. h5 Nxd4 20. exf5 Nxc6
21. Qxc6 Qd6 22. Qxd6 exd6 23. g4 gxh5 24. gxh5 Rxf5 25. h6 Bf6 26. Be3 Bg5 27. Ba7 Rbf8 28. Rd1 Bxh6 29. Rd5 Bd2 30. Rxd2 h5
31. Rc2 c5 32. Rd2 R5f6 33. Bb6 Ra8 34. f3 Kg7 35. Rd5 Kg6 36. b4 axb4 37. Rd3 Rxa2 38. Bd8= Re6 39. Bc7 Ra6 40. Kh2 Rc6
41. Bd8 c4 42. Re3 b3 43. Re4 c3
0-1

[Event "Fast: 10d+1d/m - For New Players (#7)"]
[Site "SchemingMind.com"]
[Date "2009.12.01"]
[Round "-"]
[White "phil75231"]
[Black "secretagentcook"]
[Result "1-0"]
[WhiteCountry "USA"]
[BlackCountry "USA"]
[WhiteElo "1010"]
[WhiteRD "169"]
[BlackElo "1129"]
[BlackRD "157"]
[GameID "228914"]

1. e4 c5 2. Nf3 d6 3. Bb5+ Nc6 4. O-O Be6 5. Nc3 Bg4 6. d4 Nf6 7. Bg5 g6 8. Qd3 e6 9. Rae1 Qa5 10. b4 Be7
11. bxa5 O-O 12. d5 Nb4 13. Qd2 a6 14. Ba4 exd5 15. Nxd5 Nfxd5 16. exd5 f6 17. Bh6 Rfe8 18. Bd7 Bxd7 19. c3 Bg4 20. Re4 Bh5
21. cxb4 cxb4 22. Qxb4 Rac8 23. Qxb7 Rc3 24. Qd7 Kf7 25. Qe6#
1-0

[Event "Fast: 10d+1d/m - For New Players (#7)"]
[Site "SchemingMind.com"]
[Date "2009.12.01"]
[Round "-"]
[White "tscollin"]
[Black "secretagentcook"]
[Result "1-0"]
[WhiteCountry "USA"]
[BlackCountry "USA"]
[WhiteElo "1604"]
[WhiteRD "175"]
[BlackElo "1129"]
[BlackRD "157"]
[GameID "228915"]

1. d4 Nf6 2. Bg5 e6 3. e4 Bb4+ 4. c3 Ba5 5. Qa4 Nc6 6. e5 O-O 7. exf6 b6 8. fxg7 Kxg7 9. Bxd8 Rxd8 10. b4 Nxb4
11. cxb4 Bxb4+ 12. Qxb4 c5 13. dxc5 bxc5 14. Qxc5 Rb8 15. Qc7 Bb7 16. Nd2 Bd5 17. Ba6 Be4 18. Nxe4 d5 19. Ng5 h6 20. Nxe6+ Kg8
21. Nxd8
1-0

[Event "Fast: 10d+1d/m - For New Players (#7)"]
[Site "SchemingMind.com"]
[Date "2009.12.04"]
[Round "-"]
[White "lkiriakos"]
[Black "phil75231"]
[Result "1-0"]
[WhiteCountry "USA"]
[BlackCountry "USA"]
[WhiteElo "1799"]
[WhiteRD "158"]
[BlackElo "1010"]
[BlackRD "169"]
[GameID "229407"]

1. c4 e5 2. Nc3 Nf6 3. g3 Bb4 4. Qc2 Nc6 5. Bg2 O-O 6. e3 d5 7. Nxd5 Bg4 8. Nxb4 Nxb4 9. Qb3 Qd6 10. d4 exd4
11. a3 Nc6 12. Qxb7 Rab8 13. Qxc6 Qe5 14. Nf3 Rb6 15. Nxe5 Rxc6 16. Nxc6 a5 17. Nxa5 Ra8 18. b4 Nd7 19. Bxa8 Nb6 20. Bd5 Bd7
21. exd4 c6 22. Nxc6 Kf8 23. O-O Bh3 24. Re1
1-0

[Event "Fast: 10d+1d/m - For New Players (#7)"]
[Site "SchemingMind.com"]
[Date "2009.12.04"]
[Round "-"]
[White "lkiriakos"]
[Black "tscollin"]
[Result "1/2-1/2"]
[WhiteCountry "USA"]
[BlackCountry "USA"]
[WhiteElo "1799"]
[WhiteRD "158"]
[BlackElo "1604"]
[BlackRD "175"]
[GameID "229408"]

1. c4 c5 2. Nf3 Nc6 3. d4 cxd4 4. Nxd4 Nf6 5. Nxc6 bxc6 6. g3 g6 7. Bg2 Bg7 8. Bd2 O-O 9. Nc3 d5 10. cxd5 cxd5
11. O-O Rb8 12. Rb1 Bf5 13. Bf4 Rb7 14. Rc1 Rxb2 15. Bxd5 Nxd5 16. Qxd5 Bxc3 17. Qxd8 Rxd8 18. Rxc3 Rxa2 19. Kg2 Rxe2 20. Ra3 Ra8
21. Rfa1 Rc8 22. Rxa7 Rcc2 23. Rf1 h5 24. Bh6 Be4+ 25. Kg1 Bd5 26. Rd7 Ba2 27. Be3 e5 28. Re7 Be6 29. Rxe6 fxe6 30. Bb6 Kf7
31. Bd8 e4 32. Bg5 e5 33. Be3 Kf6 34. Ra1 Rxe3 35. fxe3 Kf5 36. h3 Re2 37. Ra3 g5 38. Rb3= Rd2 39. Rb1 Re2 40. Rb3 Rd2=
1/2-1/2

[Event "Fast: 10d+1d/m - For New Players (#7)"]
[Site "SchemingMind.com"]
[Date "2009.12.04"]
[Round "-"]
[White "lkiriakos"]
[Black "secretagentcook"]
[Result "1-0"]
[WhiteCountry "USA"]
[BlackCountry "USA"]
[WhiteElo "1799"]
[WhiteRD "158"]
[BlackElo "1129"]
[BlackRD "157"]
[GameID "229409"]

1. c4 Nc6 2. g3 Nf6 3. Nf3 e5 4. d3 Bb4+ 5. Bd2 O-O 6. Bxb4 Nxb4 7. Nxe5 d6 8. Nf3 Bf5 9. e4 Bg4 10. Bg2 Qd7
11. O-O Qe6 12. Qd2 c5 13. a3 Nxe4 14. dxe4 Qxe4 15. Nh4 Qe5 16. axb4 cxb4 17. Qxb4 Rac8 18. Nd2 Qd4 19. Nhf3 Qd5 20. cxd5 Rcd8
21. Qxg4 a6 22. Qb4 Rc8 23. Rac1 h5 24. Rxc8 Rxc8 25. Qxb7 Rd8 26. Ng5 f6 27. Ne6 Re8 28. Qxg7#
1-0

[Event "Fast: 10d+1d/m - For New Players (#7)"]
[Site "SchemingMind.com"]
[Date "2009.12.04"]
[Round "-"]
[White "phil75231"]
[Black "lkiriakos"]
[Result "0-1"]
[WhiteCountry "USA"]
[BlackCountry "USA"]
[WhiteElo "1010"]
[WhiteRD "169"]
[BlackElo "1799"]
[BlackRD "158"]
[GameID "229410"]

1. e4 d6 2. Nf3 Nf6 3. Bb5+ c6 4. Bc4 Nxe4 5. O-O d5 6. Bb3 g6 7. Nc3 Nxc3 8. bxc3 Bg7 9. d4 O-O 10. Bg5 Qc7
11. Qe2 e6 12. Rae1 b6 13. c4 b5 14. Ne5 f6 15. Bf4 fxe5 16. dxe5 dxc4 17. Bxc4 bxc4 18. Qd2 c3 19. Qxc3 Rxf4 20. Qc5 Ba6
21. c4 Bxc4 22. Rc1 Bxf1 23. Kxf1 Qb6 24. Qe7 Qxf2#
0-1

[Event "Fast: 10d+1d/m - For New Players (#7)"]
[Site "SchemingMind.com"]
[Date "2009.12.04"]
[Round "-"]
[White "tscollin"]
[Black "lkiriakos"]
[Result "0-1"]
[WhiteCountry "USA"]
[BlackCountry "USA"]
[WhiteElo "1604"]
[WhiteRD "175"]
[BlackElo "1799"]
[BlackRD "158"]
[GameID "229411"]

1. d4 Nf6 2. Bg5 e6 3. e4 h6 4. Bxf6 Qxf6 5. Nc3 Bb4 6. Qd2 Nc6 7. e5 Bxc3 8. Qxc3 Qf5 9. Nf3 Qe4+ 10. Be2 b6
11. Qc4 a5 12. Qd3 Qxd3 13. Bxd3 Nb4 14. Be4 Rb8 15. a3 Nc6 16. O-O-O Bb7 17. Rhg1 Nd8 18. Bxb7 Nxb7 19. Rd3 O-O 20. Rgd1 d5
21. exd6 cxd6 22. h4 a4 23. g4 Na5 24. g5 h5 25. Nd2 Ra8 26. f4 d5 27. Nf3 f6 28. Re1 fxg5 29. fxg5 Rae8 30. Rf1 Nc4
31. Nh2 Rxf1+ 32. Nxf1 Rf8 33. Nh2 Rf2 34. b3 Rxh2 35. bxc4 dxc4 36. Rc3 Rxh4 37. Rxc4 Rg4
0-1

[Event "Fast: 10d+1d/m - For New Players (#7)"]
[Site "SchemingMind.com"]
[Date "2009.12.04"]
[Round "-"]
[White "secretagentcook"]
[Black "lkiriakos"]
[Result "0-1"]
[WhiteCountry "USA"]
[BlackCountry "USA"]
[WhiteElo "1129"]
[WhiteRD "157"]
[BlackElo "1799"]
[BlackRD "158"]
[GameID "229412"]

1. e4 d6 2. Nf3 Nf6 3. Bb5+ Bd7 4. Nc3 Bxb5 5. Nxb5 Nxe4 6. O-O Nc6 7. d4 a6 8. Nc3 Nxc3 9. bxc3 d5 10. Bg5 h6
11. Bf4 g5 12. Bg3 Bg7 13. Rb1 Rb8 14. Qd3 O-O 15. Rfe1 f6 16. Re6 Na5 17. c4 Nxc4 18. a4 Qd7 19. Qf5 Rfe8 20. Rb4 b5
21. c3 bxa4 22. Rd6 Qxf5 23. Rc6 Qb1+ 24. Rxb1 Rxb1+ 25. Ne1 Rxe1#
0-1

[Event "Fast: 10d+1d/m - For New Players (#7)"]
[Site "SchemingMind.com"]
[Date "2009.12.08"]
[Round "-"]
[White "Youngjin"]
[Black "phil75231"]
[Result "0-1"]
[WhiteCountry "KOR"]
[BlackCountry "USA"]
[WhiteElo "1267"]
[WhiteRD "135"]
[BlackElo "1269"]
[BlackRD "151"]
[GameID "230231"]

1. e4 e5 2. Nf3 Nf6 3. d4 Bb4+ 4. c3 Ba5 5. Nxe5 O-O 6. Be2 Nc6 7. Bg5 d6 8. Nc4 Nxe4 9. Bxd8 Rxd8 10. O-O Re8
0-1

[Event "Fast: 10d+1d/m - For New Players (#7)"]
[Site "SchemingMind.com"]
[Date "2009.12.08"]
[Round "-"]
[White "Youngjin"]
[Black "tscollin"]
[Result "0-1"]
[WhiteCountry "KOR"]
[BlackCountry "USA"]
[WhiteElo "1267"]
[WhiteRD "135"]
[BlackElo "1683"]
[BlackRD "133"]
[GameID "230232"]

1. e4 c5 2. Nf3 d6 3. d4 cxd4 4. Nxd4 Nf6 5. Nc3 a6 6. Be3 Ng4 7. Bg5 h6 8. Bh4 g5 9. Bg3 Bg7 10. Qd2 Nc6
11. Nf5 Bxf5 12. exf5 Qb6 13. Nd5 Qxb2 14. Rd1 O-O 15. Be2 Nf6 16. O-O Qxa2 17. h4 Nxd5 18. hxg5 Nc3 19. Bd3 hxg5 20. Qxg5 Nxd1
21. Rxd1 Qb2 22. Kh2 Qf6 23. Qg4 Ne5 24. Bxe5 Qxe5+
0-1

[Event "Fast: 10d+1d/m - For New Players (#7)"]
[Site "SchemingMind.com"]
[Date "2009.12.09"]
[Round "-"]
[White "Youngjin"]
[Black "secretagentcook"]
[Result "1-0"]
[WhiteCountry "KOR"]
[BlackCountry "USA"]
[WhiteElo "1489"]
[WhiteRD "197"]
[BlackElo "1129"]
[BlackRD "157"]
[GameID "230233"]

1. e4 Nf6 2. e5 Nd5 3. Nf3 d6 4. c4 Bf5 5. cxd5 e6 6. Qb3 Qf6 7. exf6 gxf6 8. Qxb7 Na6 9. Qxa8+ Ke7 10. Bxa6 exd5
11. Nd4 Be4 12. d3 Bxg2 13. Rg1 Bh3 14. Bh6 Bxh6 15. Qxh8 Bd7 16. Qxh7 Bf4 17. Rg7 Be5 18. Rxf7+
1-0

[Event "Fast: 10d+1d/m - For New Players (#7)"]
[Site "SchemingMind.com"]
[Date "2009.12.08"]
[Round "-"]
[White "Youngjin"]
[Black "lkiriakos"]
[Result "0-1"]
[WhiteCountry "KOR"]
[BlackCountry "USA"]
[WhiteElo "1489"]
[WhiteRD "197"]
[BlackElo "1799"]
[BlackRD "158"]
[GameID "230234"]

1. e4 d6 2. d4 Nf6 3. Nf3 g6 4. Bd3 Bg7 5. O-O O-O 6. Be3 e5 7. dxe5 dxe5 8. Nbd2 c6 9. Nxe5 Nxe4 10. Nxe4 Bxe5
11. Bh6 Re8 12. Qc1 Bf5 13. Re1 Nd7 14. c3 Bxh2+ 15. Kf1 Bxe4 16. Bxe4 Nc5 17. Bc2 Qd5 18. Qg5 Qc4+
0-1

[Event "Fast: 10d+1d/m - For New Players (#7)"]
[Site "SchemingMind.com"]
[Date "2009.12.08"]
[Round "-"]
[White "tscollin"]
[Black "Youngjin"]
[Result "1-0"]
[WhiteCountry "USA"]
[BlackCountry "KOR"]
[WhiteElo "1683"]
[WhiteRD "133"]
[BlackElo "1267"]
[BlackRD "135"]
[GameID "230236"]

1. d4 c6 2. e4 d5 3. exd5 cxd5 4. Nc3 Nf6 5. Bg5 Nc6 6. Bb5 e6 7. Nf3 Bd6 8. O-O O-O 9. Bxc6 bxc6 10. Ne5 Qc7
11. Bxf6 gxf6 12. Ng4 Kh8 13. h3 Ba6 14. Re1 Rg8 15. Nxf6 Rg7 16. Qf3 Rb8 17. Rab1 e5 18. dxe5 Bxe5 19. Qf5 Bd6 20. Ne8 Qd8
21. Nxg7 Kxg7 22. Qg4+ Kh8 23. Qd4+ Kg8 24. Qxa7 Qg5 25. Qxa6
1-0

[Event "Fast: 10d+1d/m - For New Players (#7)"]
[Site "SchemingMind.com"]
[Date "2009.12.08"]
[Round "-"]
[White "secretagentcook"]
[Black "Youngjin"]
[Result "0-1"]
[WhiteCountry "USA"]
[BlackCountry "KOR"]
[WhiteElo "1129"]
[WhiteRD "157"]
[BlackElo "1489"]
[BlackRD "197"]
[GameID "230237"]

1. e4 c6 2. c4 e6 3. Nc3 d5 4. d3 dxe4 5. dxe4 Qf6 6. Bd2 Nd7 7. Bd3 Bc5 8. Nf3 Ne7 9. O-O Ne5 10. Qa4 O-O
11. Qa5 Nxf3+ 12. gxf3 b6 13. Qxc5 bxc5 14. e5 Qh4 15. a4 Rd8 16. Ne4 Rxd3 17. Rfd1 Rxf3 18. Ng3 Ng6 19. Kf1 Qxh2 20. Rdc1 Qxf2#
0-1

[Event "Fast: 10d+1d/m - For New Players (#7)"]
[Site "SchemingMind.com"]
[Date "2009.12.08"]
[Round "-"]
[White "lkiriakos"]
[Black "Youngjin"]
[Result "1-0"]
[WhiteCountry "USA"]
[BlackCountry "KOR"]
[WhiteElo "1911"]
[WhiteRD "108"]
[BlackElo "1267"]
[BlackRD "135"]
[GameID "230238"]

1. d4 Nf6 2. c4 e6 3. g3 d5 4. Nf3 c6 5. Bg2 dxc4 6. Nc3 Bb4 7. Ne5 O-O 8. O-O Nd5 9. Qc2 Nd7 10. Nxc4 b6
11. Ne4 Ba6 12. a3 Be7 13. b4 c5 14. dxc5 Rc8 15. Ne3 bxc5 16. Nxd5 exd5 17. Nxc5 Nxc5 18. bxc5 Bxc5 19. Qd2 Re8 20. Re1 Bc4
21. Rb1 Bb6 22. Bb2 Qd6 23. e3 Re7 24. Qc3 f6 25. Rbd1 Rc5 26. a4 Ba5 27. Qd4 Bxe1 28. Ba3 Bxf2+ 29. Kxf2 Rec7 30. Bxc5 Qxc5
31. Bxd5+ Qxd5 32. Qxd5+ Bxd5 33. Rxd5 Rc2+ 34. Kf3 Kf8 35. Rd7 Rxh2 36. Rxa7 Ra2 37. a5 h5 38. Ra8+ Kf7 39. a6 Kg6 40. Kf4 Rf2+
41. Ke4 Ra2 42. a7 Kg5 43. Kf3 f5 44. Re8 Rxa7 45. Re5 Ra3 46. Rc5 g6 47. Rc4 Rd3 48. Rb4 Rd5 49. Rc4= Re5 50. Rb4 Kf6
51. Rc4 Rd5 52. Rb4 g5 53. Rb6+ Kg7 54. Rb7+ Kf6 55. Rb6+ Ke5 56. Rb4
1-0

[Event "Fast: 10d+1d/m - For New Players (#7)"]
[Site "SchemingMind.com"]
[Date "2009.12.18"]
[Round "-"]
[White "petrus"]
[Black "phil75231"]
[Result "1-0"]
[WhiteCountry "BEL"]
[BlackCountry "USA"]
[WhiteElo "1600"]
[WhiteRD "230"]
[BlackElo "1010"]
[BlackRD "169"]
[GameID "231314"]

1. d4 e6 2. e4 Nf6 3. Bg5 Bb4+ 4. c3 Ba5 5. e5 O-O 6. exf6 d5 7. Bd3 h6 8. Qh5 Qd6 9. Bxh6 e5 10. Bxg7 Qe6
11. Qh8#
1-0

[Event "Fast: 10d+1d/m - For New Players (#7)"]
[Site "SchemingMind.com"]
[Date "2009.12.16"]
[Round "-"]
[White "petrus"]
[Black "tscollin"]
[Result "0-1"]
[WhiteCountry "BEL"]
[BlackCountry "USA"]
[WhiteElo "1625"]
[WhiteRD "152"]
[BlackElo "1683"]
[BlackRD "133"]
[GameID "231315"]

1. d4 d5 2. e3 Nf6 3. Bd3 g6 4. c3 Bg7 5. Nd2 O-O 6. e4 Nc6 7. e5 Ng4 8. h3 Nh6 9. Ne2 Bf5 10. Bb5 Bd7
11. Ng3 Nxe5 12. Bxd7 Nd3+ 13. Kf1 Qxd7 14. Qf3 Nxc1 15. Rxc1 Qb5+ 16. Ne2 Qxb2 17. Ke1 Qxa2 18. Qd3 Qa3 19. Qb5 Qd6 20. Nb3 a6
21. Qd3 e5 22. f3 Nf5 23. Kf2 exd4 24. Nexd4 Nxd4 25. cxd4 Rfe8 26. Qc3 c6 27. Rhe1 h5 28. Qd2 h4 29. Nc5 b6 30. Nb3 a5
31. Qc3 a4 32. Nd2 Qg3+ 33. Kf1 Rxe1+ 34. Rxe1 c5 35. Re5 Bxe5 36. dxe5 Re8 37. Qb2 Rxe5 38. Qc1 b5
0-1

[Event "Fast: 10d+1d/m - For New Players (#7)"]
[Site "SchemingMind.com"]
[Date "2009.12.17"]
[Round "-"]
[White "petrus"]
[Black "secretagentcook"]
[Result "1-0"]
[WhiteCountry "BEL"]
[BlackCountry "USA"]
[WhiteElo "1625"]
[WhiteRD "152"]
[BlackElo "1046"]
[BlackRD "144"]
[GameID "231316"]

1. d4 d5 2. e3 Bf5 3. Bd3 e6 4. Bxf5 exf5 5. Bd2 Nc6 6. Nc3 Bb4 7. a3 Ba5 8. b4 Nf6 9. bxa5 Ne4 10. Nxe4 fxe4
11. Bb4 Qg5 12. g3 O-O-O 13. Nh3 Qf5 14. Nf4 h5 15. h4 f6 16. Rb1 g5 17. hxg5 fxg5 18. Ng2 Rh6 19. Rxh5 Rxh5 20. Qxh5 Qf6
21. Qg4+ Rd7 22. Ke2 b5 23. Rh1 Qf8 24. Bxf8 Kd8 25. Rh8 Rf7 26. Bc5+
1-0

[Event "Fast: 10d+1d/m - For New Players (#7)"]
[Site "SchemingMind.com"]
[Date "2009.12.15"]
[Round "-"]
[White "petrus"]
[Black "lkiriakos"]
[Result "0-1"]
[WhiteCountry "BEL"]
[BlackCountry "USA"]
[WhiteElo "1600"]
[WhiteRD "230"]
[BlackElo "1799"]
[BlackRD "158"]
[GameID "231317"]

1. d4 Nf6 2. e3 g6 3. Bd3 Bg7 4. e4 d6 5. c3 O-O 6. Ne2 Nbd7 7. O-O c5 8. f4 cxd4 9. cxd4 Qb6 10. Nbc3 a6
11. Bc4 Qa7 12. Kh1 b5 13. Bb3 e5 14. fxe5 dxe5 15. dxe5 Nxe5 16. Ng3 Bb7 17. Bf4 Rad8 18. Qe2 Ned7 19. Bd6 Rfe8 20. Bc2 Ne5
21. Bxe5 Rxe5 22. Rad1 Qa8 23. Rxd8+ Qxd8 24. Rd1 Qa8 25. h3 b4 26. Na4 Nxe4 27. Nxe4 Bxe4 28. Bxe4 Rxe4 29. Qf2 Qe8 30. Qc2 Re1+
31. Rxe1 Qxe1+ 32. Kh2 Be5+ 33. g3 Qxg3+ 34. Kh1 Qxh3+ 35. Kg1 Bd4+
0-1

[Event "Fast: 10d+1d/m - For New Players (#7)"]
[Site "SchemingMind.com"]
[Date "2009.12.18"]
[Round "-"]
[White "phil75231"]
[Black "petrus"]
[Result "0-1"]
[WhiteCountry "USA"]
[BlackCountry "BEL"]
[WhiteElo "1269"]
[WhiteRD "151"]
[BlackElo "1625"]
[BlackRD "152"]
[GameID "231319"]

1. e4 e5 2. Nf3 Nc6 3. Bb5 Nge7 4. O-O a6 5. Bc4 h6 6. Nc3 d6 7. d3 Bg4 8. Nd5 Na5 9. Qd2 Nxc4 10. dxc4 Bxf3
11. Qe3 Bg4 12. Qg3 Be2 13. Re1 Bxc4 14. Qc3 Bxd5 15. Qf3 Bc6 16. Be3 f5 17. Rad1 Bxe4 18. Qe2 Ng6 19. Qc4 Qd7 20. b4 Be7
21. Rb1 d5 22. Qb3 f4 23. Bd2 Qg4 24. f3 Bxf3 25. Rf1 Qxg2#
0-1

[Event "Fast: 10d+1d/m - For New Players (#7)"]
[Site "SchemingMind.com"]
[Date "2009.12.16"]
[Round "-"]
[White "tscollin"]
[Black "petrus"]
[Result "0-1"]
[WhiteCountry "USA"]
[BlackCountry "BEL"]
[WhiteElo "1683"]
[WhiteRD "133"]
[BlackElo "1625"]
[BlackRD "152"]
[GameID "231320"]

1. d4 d5 2. Nc3 Bf5 3. f3 Nc6 4. e4 dxe4 5. fxe4 Bg6 6. d5 Ne5 7. Bf4 Nd7 8. Nb5 Rc8 9. Nxa7 Ra8 10. Nb5 Rc8
11. Na7 Ra8 12. Qd4 e5 13. Bxe5 f6 14. Bf4 Bc5 15. Qc4 Rxa7 16. O-O-O Qa8 17. d6 Bf7 18. Qc3 c6 19. a3 Bxa3 20. bxa3 Rxa3
21. Qb4 Ra1+ 22. Kd2 Rxd1+ 23. Kxd1 b5 24. Nf3 g5 25. Bc1 Nh6 26. h3 Be6 27. g4 Nf7 28. Nd4 Nf8 29. Nxc6 Bd7 30. Ne7 Qb8
31. Nc6 Bxc6 32. Bd3 Qxd6 33. Qa5 Qd8
0-1

[Event "Fast: 10d+1d/m - For New Players (#7)"]
[Site "SchemingMind.com"]
[Date "2009.12.17"]
[Round "-"]
[White "secretagentcook"]
[Black "petrus"]
[Result "0-1"]
[WhiteCountry "USA"]
[BlackCountry "BEL"]
[WhiteElo "1129"]
[WhiteRD "157"]
[BlackElo "1600"]
[BlackRD "230"]
[GameID "231321"]

1. Nf3 d5 2. Nc3 g6 3. e3 Bg7 4. Bb5+ c6 5. Ng5 cxb5 6. O-O a6 7. d4 h6 8. b4 hxg5 9. Qf3 Qd6 10. e4 Qxh2#
0-1

[Event "Fast: 10d+1d/m - For New Players (#7)"]
[Site "SchemingMind.com"]
[Date "2009.12.15"]
[Round "-"]
[White "lkiriakos"]
[Black "petrus"]
[Result "1-0"]
[WhiteCountry "USA"]
[BlackCountry "BEL"]
[WhiteElo "1911"]
[WhiteRD "108"]
[BlackElo "1625"]
[BlackRD "152"]
[GameID "231322"]

1. d4 c5 2. Nf3 e6 3. g3 b6 4. Bg2 Bb7 5. O-O cxd4 6. Qxd4 Nc6 7. Qa4 Nb4 8. Bd2 Bc6 9. Qb3 Na6 10. c4 Nc5
11. Qc2 Be7 12. Nc3 Nf6 13. Ng5 Bxg2 14. Kxg2 h6 15. Nge4 Ncxe4 16. Nxe4 Qc7 17. Nxf6+ Bxf6 18. Qb3 O-O 19. Bc3 Be5 20. Rac1 Rac8
21. Rfd1 Rfd8 22. f4 Bxc3 23. Rxc3 Qb7+ 24. Kf2 Rc5 25. Rcd3 a6 26. Rd4 Rh5 27. h4 b5 28. Qd3 bxc4 29. Rxd7 Rxd7 30. Qxd7 Qxb2
31. Qc8+ Kh7 32. Qxc4 Qb6+ 33. Qd4 Qa5 34. Qe4+ g6 35. Rd7 Qc5+ 36. e3 Kg7 37. Qb7 Rf5 38. Qxa6 g5 39. hxg5 hxg5 40. Kf3 gxf4
41. gxf4 Rf6 42. Rd6 Qh5+ 43. Kf2 Qh2+ 44. Kf3 Qh1+ 45. Ke2 Qg2+ 46. Kd3 Qf1+ 47. Kd2 Qg2+ 48. Qe2 Qe4 49. Kc3 Rxf4 50. Rd4 Qc6+
51. Qc4 Qxc4+ 52. Kxc4 Rf2 53. a4 Rc2+ 54. Kb5 e5 55. Rc4 Ra2 56. a5 Kf6 57. a6 Ke6 58. Ra4 Rb2+ 59. Kc6 Rc2+ 60. Kb7 Rb2+
61. Kc7 Rc2+ 62. Kd8 Rd2+ 63. Kc7 Rc2+ 64. Kb7 Rb2+ 65. Kc6 Rc2+ 66. Kb5 Kd5 67. a7 Rc5+ 68. Kb6 Rc8 69. a8=Q+ Rxa8 70. e4+ Ke6
71. Rxa8 Kf6 72. Re8 Kg6 73. Rxe5 f6 74. Rf5 Kg7 75. Kc6 Kg6 76. Kd6
1-0